00429 2200181 4500001002100000005001500021035002000036245003300056100001800089250000600107300003500113260003300148082000800181084001400189020002200203600001000225990001200235INLIS00000000000197220250523110442 a0010-05250002641 aGaris Waktu /cFiersa Besari0 aFiersa Besari a1 a212 :bIlust ;c13,5 x 19,5 cm aJakarta :bMedia Kita,c2016 a813 a813 FIE g a978-979-794-525-1 4aFiksi a0754540